000 00713nam a2200205 i 4500
001 89592
003 ES-MaACL
005 20230906180228.0
007 t|
008 050111s1934 fr ||||1| fre d
100 1 _aLa Vallée Poussin, Charles Jean de.
_969190
245 1 0 _aIntégrales de Lebesque
_b: fonctions d'ensemble, classes de Baire /
_cpar C. de La Vallée Poussin.
250 _a2ème éd.
260 _aParis :
_bGauthier-Villars,
_c1934.
300 _aXII, 193 p. ;
_c25 cm.
490 1 _aCollection de monographies sur la théorie des fonctions
830 0 _aCollection de monographies sur la théorie des fonctions
_9182546
852 _aES-MaACL
_jC-5294
_bR.25458
999 _c89592
_d89592